000 00701nam a2200193Ii 4500
003 JO-AjNU
008 230605s9999||||xx |||||||||||||| ||und||
040 _aJO-AjNU
_bara
_erda
_cJO-AjNU
041 _aara
050 1 4 _aHF5351.A2872.1989
100 3 _aأبو قحف،عبدالسلام,
_eauthor
_945841
245 0 0 _aسياسات الاعمال والممارسات الادارية في المنظمات الصناعية والتجارية
264 3 1 _aالاسكندرية:مؤسسة شباب الجامعة؛1989
300 _a746ص
336 _atext
_btxt
_2rdacontent
337 _aunmediated
_bn
_2rdamedia
338 _avolume
_bnc
_2rdacarrier
650 4 _aادارة اعمال
_945842
999 _aA19900
_c23468
_d23468